| 000 | 00578nam a2200205 a 4500 | ||
|---|---|---|---|
| 005 | 20220905063517.0 | ||
| 008 | 130910s2010 ag r 000 0 spa d | ||
| 020 | _a9789871789115 | ||
| 035 | _aUPN01000192731 | ||
| 049 | _aCG | ||
| 050 | 4 |
_aPQ7798.23 E6.4 _bA6.2 |
|
| 100 | 1 |
_aMéndez, Mario, _d1965- _934936 |
|
| 245 | 1 | 0 |
_aAna y las olas / _cMario Méndez ; il. Leicia Gotlibowski. |
| 260 |
_aBuenos Aires : _bRíos de Tinta, _c2010. |
||
| 300 | _a123 p. | ||
| 440 | 0 | _aHuellas | |
| 650 | 0 |
_aLiteratura juvenil argentina _912413 |
|
| 905 | _aLibro | ||
| 999 |
_c164833 _d164833 |
||